Castle Dor, (Record no. 233646)
[ view plain ]
| 000 -LEADER | |
|---|---|
| fixed length control field | 00940cam a22002411 4500 |
| 001 - CONTROL NUMBER | |
| control field | 6565282 |
| 003 - CONTROL NUMBER IDENTIFIER | |
| control field | Nust |
| 005 - DATE AND TIME OF LATEST TRANSACTION | |
| control field | 20170309142514.0 |
| 008 - FIXED-LENGTH DATA ELEMENTS--GENERAL INFORMATION | |
| fixed length control field | 750227s1962 nyu 000 1 eng |
| 010 ## - LIBRARY OF CONGRESS CONTROL NUMBER | |
| LC control number | 62008075 |
| 020 ## - INTERNATIONAL STANDARD BOOK NUMBER | |
| International Standard Book Number | 9781844080670 |
| 035 ## - SYSTEM CONTROL NUMBER | |
| System control number | (OCoLC)1191697 |
| 040 ## - CATALOGING SOURCE | |
| Original cataloging agency | DLC |
| Transcribing agency | OKentU |
| Modifying agency | OCoLC |
| -- | DLC |
| 050 00 - LIBRARY OF CONGRESS CALL NUMBER | |
| Classification number | PZ3.Q42 |
| Item number | Cas |
| Classification number | PR5194 |
| 082 ## - DEWEY DECIMAL CLASSIFICATION NUMBER | |
| Classification number | 823.5 |
| Author Mark | MAU |
| 100 1# - MAIN ENTRY--PERSONAL NAME | |
| Personal name | Quiller-Couch, Arthur, |
| Dates associated with a name | 1863-1944. |
| 245 10 - TITLE STATEMENT | |
| Title | Castle Dor, |
| Statement of responsibility, etc. | by Arthur Quiller-Couch and Daphne du Maurier. |
| 250 ## - EDITION STATEMENT | |
| Edition statement | [1st ed.] |
| 260 ## - PUBLICATION, DISTRIBUTION, ETC. | |
| Place of publication, distribution, etc. | Garden City, N.Y., |
| Name of publisher, distributor, etc. | Doubleday, |
| Date of publication, distribution, etc. | 1962. |
| 300 ## - PHYSICAL DESCRIPTION | |
| Extent | 274 p. |
| Dimensions | 22 cm. |
| 500 ## - GENERAL NOTE | |
| General note | This unfinished novel was continued and finished by Miss Du Maurier at the request of the author's daughter. No notes were left as to his plan for its conclusion. Cf. Dust jacket. |
| 700 1# - ADDED ENTRY--PERSONAL NAME | |
| Personal name | Du Maurier, Daphne, |
| Dates associated with a name | 1907-1989. |
| 906 ## - LOCAL DATA ELEMENT F, LDF (RLIN) | |
| a | 7 |
| b | cbc |
| c | oclcrpl |
| d | u |
| e | ncip |
| f | 19 |
| g | y-gencatlg |
| 942 ## - ADDED ENTRY ELEMENTS (KOHA) | |
| Source of classification or shelving scheme | |
| Koha item type | Book |
| Withdrawn status | Lost status | Source of classification or shelving scheme | Damaged status | Not for loan | Collection code | Permanent Location | Current Location | Shelving location | Date acquired | Total Checkouts | Total Renewals | Full call number | Barcode | Date last seen | Copy number | Price effective from | Koha item type |
|---|---|---|---|---|---|---|---|---|---|---|---|---|---|---|---|---|---|
| Central Library (CL) | Central Library (CL) | Fiction | 03/09/2017 | 3 | 823.5 MAU | CL289 | 06/30/2025 | 1 | 03/09/2017 | Book |
